000 00658nam a2200193 a 4500
008 160615c20069999||||||||||||||||| || u
020 _a0132017210
050 _aCD/TA 357 Mot
100 _aMott, Robert L
245 1 0 _aApplied fluid mechanics. -- 6th ed.
_cRobert L. Mott
_h[cd-rom]
250 _a6th ed.
260 _aUpper Saddle River, NJ
_bPearson
_c2006
300 _a4 3/4 in.
350 _a0.00
500 _aCD-ROM available in the Reference Office.
650 _aFLUID MECHANICS
650 _aMECHANICS
995 _FCBU-MAIN LIBRARY (Kitwe)
_I0.00
_M1
_UAVAILABLE
_WJun 15, 2016
_Ze-Media Collection
999 _c34557
_d34557